| 000 | 00523nam a22001937a 4500 | ||
|---|---|---|---|
| 003 | OSt | ||
| 005 | 20140310182151.0 | ||
| 008 | 130830t xxu||||| |||| 00| 0 eng d | ||
| 020 | _a9781853048319 | ||
| 050 |
_aNC 880 _b.B533 1996 |
||
| 082 |
_aHS 741.235 _bB45 1996 |
||
| 100 |
_aBerrill, Philip _915763 |
||
| 245 |
_aPastel Painting / _cPhilip Berrill. |
||
| 260 |
_aLondon : _bRavette Publishing, _c1996 |
||
| 300 |
_a64 p. ; _bill. col. ; _c25 cm. |
||
| 648 |
_aArts _xpainting _915764 |
||
| 942 | _2lcc | ||
| 999 |
_c10019 _d10019 |
||